00717nam a2200193Ia 4500003000900000008004100009020002200050040001600072080002300088100002200111245011700133260003100250300001500281650003900296650002600335942000700361999001700368952013800385IN-BaIIA211028s9999 xx 000 0 eng d a978-3-642-03140-3 cIIA Library a52(082.1)bASS-363 aGoss, W. M933918 0aUnder the radarbthe first woman in radio astronomycW. M Goss  aHeidelbergbSpringerc2010 axxi, 354p. aPayne-Scott, Ruby-Biography933919 aRadio astronomy92849 cBK c17852d17852 00104070aBANbBANcGENd2010-10-18eANJ g995.00l0o52(082.1)/ ASS-363p18774r2021-11-05v995.00w2010-10-18yBKGRs. 995.00